Los eruditos a la violeta /
Guardado en:
| Autor Principal: | |
|---|---|
| Formato: | Libro |
| Publicado: |
Madrid :
Aguilar,
1967
|
| Materias: | |
| Etiquetas: |
Agregar Etiqueta
Sin Etiquetas, Sea el primero en etiquetar este registro!
|
| LEADER | 00507nam a22001695a 4500 | ||
|---|---|---|---|
| 001 | EHU.bham008784 | ||
| 003 | AR-BHAM | ||
| 005 | 20100107143613.0 | ||
| 008 | 130507s1967##################000#0#####d | ||
| 082 | 8 | 6 | |a 863.4 |
| 100 | 1 | |a Cadalso, Jose | |
| 245 | 1 | 0 | |a Los eruditos a la violeta / |c Jose Cadalso. |
| 260 | |a Madrid : |b Aguilar, |c 1967 | ||
| 300 | |a 217 p. | ||
| 500 | |a Ed., Prol. Y Notas Por Jose Luis Aguirre | ||
| 653 | |a Novela espaÑola-1701-1800 | ||
| 859 | |a AR-BHAM |b BIB. HUMANIDADES - General |h 863.4 |i C113 |p 3.90 |t Ej.1 | ||
